2007 Chartered Management Institute (CMI) Business Continuity Survey (Record no. 106686)
[ view plain ]
| 000 -LEADER | |
|---|---|
| fixed length control field | 01220cam a2200205 4500 |
| 001 - CONTROL NUMBER | |
| control field | L137204 |
| 008 - FIXED-LENGTH DATA ELEMENTS--GENERAL INFORMATION | |
| fixed length control field | 070322s2007 xxk f 000 0 eng d |
| 035 ## - SYSTEM CONTROL NUMBER | |
| System control number | (Sirsi) u137204 |
| 041 0# - LANGUAGE CODE | |
| Language code of text/sound track or separate title | eng |
| 110 2# - MAIN ENTRY--CORPORATE NAME | |
| Corporate name or jurisdiction name as entry element | UK Resilience |
| 9 (RLIN) | 5146 |
| 245 00 - TITLE STATEMENT | |
| Title | 2007 Chartered Management Institute (CMI) Business Continuity Survey |
| Medium | [electronic resource] |
| 260 ## - PUBLICATION, DISTRIBUTION, ETC. | |
| Place of publication, distribution, etc. | London |
| Name of publisher, distributor, etc. | Cabinet Office |
| Date of publication, distribution, etc. | 2007 |
| 520 ## - SUMMARY, ETC. | |
| Summary, etc. | Discusses the results of the 2007 Chartered Management Institute?s Business Continuity Survey. Reports that over half of the managers surveyed work in organizations where there is no specific business continuity plan in place, yet that there are signs that businesses have improved aspects of their planning. Reports that half of organizations carried out regular and thorough rehearsals and that corporate governance was identified as a key driver by 80 per cent of managers working in listed companies. |
| 590 ## - LOCAL NOTE (RLIN) | |
| Local note | KA |
| 651 #4 - SUBJECT ADDED ENTRY--GEOGRAPHIC NAME | |
| Geographic name | United Kingdom |
| Chronological subdivision | |
| 690 ## - LOCAL SUBJECT ADDED ENTRY--TOPICAL TERM (OCLC, RLIN) | |
| Topical term or geographic name as entry element | MANAGEMENT-BUSINESS MANAGEMENT |
| 690 ## - LOCAL SUBJECT ADDED ENTRY--TOPICAL TERM (OCLC, RLIN) | |
| Topical term or geographic name as entry element | MANAGEMENT-HEALTH AND SAFETY-HEALTH AND SAFETY RISK MANAGEMENT |
| 856 48 - ELECTRONIC LOCATION AND ACCESS | |
| Uniform Resource Identifier | <a href="https://www.ukresilience.info/news/cmi_survey_2007.aspx">https://www.ukresilience.info/news/cmi_survey_2007.aspx</a> |
| Public note | View the item free of charge at www.ukresilience.info... |
| 942 ## - ADDED ENTRY ELEMENTS (KOHA) | |
| Suppress in OPAC | 0 |
| Withdrawn status | Lost status | Source of classification or shelving scheme | Damaged status | Not for loan | Home library | Current library | Shelving location | Date acquired | Total Checkouts | Full call number | Barcode | Date last seen | Copy number | Price effective from | Koha item type |
|---|---|---|---|---|---|---|---|---|---|---|---|---|---|---|---|
| Dewey Decimal Classification | Virtual | Virtual | Online | 22/03/2007 | ONLINE PUBLICATION | 137204-1001 | 06/08/2019 | 1 | 06/08/2019 | Book |